Library Logo

Pharmaceutical formulas / (Record no. 45710)

000 -LEADER
fixed length control field 00548cam a2200205Ka 4500
001 - CONTROL NUMBER
control field 8221413
003 - CONTROL NUMBER IDENTIFIER
control field BD-DhUL
005 - DATE AND TIME OF LATEST TRANSACTION
control field 20160121101538.0
008 - FIXED-LENGTH DATA ELEMENTS--GENERAL INFORMATION
fixed length control field 101117s1953 lona o01 0 eng d
040 ## - CATALOGING SOURCE
Original cataloging agency BD-DhUL
Transcribing agency BD-DhUL
Modifying agency BD-DhUL
082 ## - DEWEY DECIMAL CLASSIFICATION NUMBER
Classification number 615.11
Item number PHA
245 10 - TITLE STATEMENT
Title Pharmaceutical formulas /
250 ## - EDITION STATEMENT
Edition statement 12th ed., revised and extended
260 ## - PUBLICATION, DISTRIBUTION, ETC. (IMPRINT)
Place of publication, distribution, etc. London :
Name of publisher, distributor, etc. The chemist and druggist,
Date of publication, distribution, etc. 1953.
300 ## - PHYSICAL DESCRIPTION
Extent xvi, 1062 p. ;
Dimensions 19 cm.
365 ## - TRADE PRICE
Price type code GBP
Price amount 30.00
500 ## - GENERAL NOTE
General note Includes index.
650 ## - SUBJECT ADDED ENTRY--TOPICAL TERM
Topical term or geographic name as entry element Pharmacology.
942 ## - ADDED ENTRY ELEMENTS (KOHA)
Source of classification or shelving scheme
Koha item type Reference
Holdings
Price effective from Date last seen Permanent Location Not for loan Date acquired Source of classification or shelving scheme Koha item type Lost status Withdrawn status Copy number Source of acquisition Collection code Damaged status Shelving location Barcode Current Location Full call number
2016-01-212016-01-21Dhaka University Science LibraryNot For Loan1971-02-15 Reference  v. 1PurchasedReference ReferenceA73711Dhaka University Science Library615.11 PHA
Last Updated on September 15, 2019
© Dhaka University Library. All Rights Reserved|Staff Login